00400 2200157 4500001002100000005001500021035002000036245004300056100001500099300002800114260004400142082000800186084001400194020002200208990001200230INLIS00000000000268420250904031819 a0010-09250000311 aBangga Menjadi Guru /cDra. Fazriyanti0 aFazriyanti a128 hlm ;c14,5 x 21 cm aJakarta :bEsensi Erlangga Group,c2024 a370 a370 FAZ b a978-623-7478-83-6 a0755338